| 000 | 00496cam a2200205 4500 | ||
|---|---|---|---|
| 001 | J108570 | ||
| 008 | 000000n2000 000 0 eng u | ||
| 035 | _a(Sirsi) u108570 | ||
| 050 | _a333.33 | ||
| 110 |
_aGVA Grimley _93646 |
||
| 245 | _aHousing bulletin | ||
| 260 |
_aLondon _bGVA Grimley\c2000 |
||
| 300 | _a2p. ; 30cm. | ||
| 650 | _aLAND PRICES | ||
| 650 |
_aRESIDENTIAL PROPERTY _96266 |
||
| 650 | _aHOUSE PRICES | ||
| 650 | _aECONOMIC ISSUES | ||
| 690 | _aHOUSING | ||
| 942 | _n0 | ||
| 999 |
_c100822 _d100822 |
||